| 000 | 00611nam a22001937a 4500 | ||
|---|---|---|---|
| 007 | 0 | ||
| 008 | 160614b xxu||||| |||| 00| 0 eng d | ||
| 020 | _a978-2-7650-2225-1 | ||
| 040 |
_aBUAC _cBUC |
||
| 041 | _aFre | ||
| 100 | _aOuimet, Gérard | ||
| 245 |
_aPsychologie du pouvoir organisationnel : _bla maîtrise des habiletés politiques _c/ par Gérard Ouimet |
||
| 260 |
_aParis : _bChenelière Education, _c2008 |
||
| 300 |
_aXII-266 p. _c23 cm . _bcouv. ill. en coul. ; |
||
| 521 | _aBibliogr. pp. (263 -266) | ||
| 630 | _aPHILOSOPHIE-PSYCHOLOGIE | ||
| 650 | _aTravail : Psychologie | ||
| 942 | _cLBA | ||
| 999 |
_c54567 _d54567 |
||